EVOLUTION OF HOMEOPATHIC REPERFORIES AND REPERTORISATION (Record no. 18624)

MARC details
000 -LEADER
fixed length control field 00320nam a22001337a 4500
003 - CONTROL NUMBER IDENTIFIER
control field SGT
082 ## - DEWEY DECIMAL CLASSIFICATION NUMBER
Classification number 615.532
Item number E14K
100 ## - MAIN ENTRY--PERSONAL NAME
Personal name KISHORE, JUGAL
245 ## - TITLE STATEMENT
Title EVOLUTION OF HOMEOPATHIC REPERFORIES AND REPERTORISATION
260 ## - PUBLICATION, DISTRIBUTION, ETC. (IMPRINT)
Place of publication, distribution, etc INDIA
Name of publisher, distributor, etc B. JAIN PUB
Year of Publication 2014
300 ## - PAGE DESCRIPTION
No. of Pages 430
650 ## - SUBJECT ADDED ENTRY--TOPICAL TERM
Topical term or geographic name as entry element HOMOEOPATHIC
942 ## - ADDED ENTRY ELEMENTS (KOHA)
Source of classification or shelving scheme Dewey Decimal Classification
Koha item type Books
Holdings
Withdrawn status Lost status Source of classification or shelving scheme Damaged status Not for loan Home library Current library Shelving location Date acquired Vendor Name Cost, normal purchase price SGTU Bill Number Total Checkouts Full call number Accession No. (Barcode) Date last seen Bill Date Koha item type
    Dewey Decimal Classification     Homeopathy Library Homeopathy Library Text Book 30/07/2019 ABC,PUB 299.00 SGTU 7135   615.532 E14K FH886 30/07/2019 09/08/2016 Books
    Dewey Decimal Classification     Homeopathy Library Homeopathy Library Text Book 30/07/2019 ABC,PUB 299.00 SGTU 7135   615.532 E14K FH887 30/07/2019 09/08/2016 Books
    Dewey Decimal Classification     Homeopathy Library Homeopathy Library Text Book 30/07/2019 ABC,PUB 299.00 SGTU 7135   615.532 E14K FH888 30/07/2019 09/08/2016 Books
    Dewey Decimal Classification     Homeopathy Library Homeopathy Library Text Book 30/07/2019 ABC,PUB 299.00 SGTU 7135   615.532 E14K FH889 30/07/2019 09/08/2016 Books
    Dewey Decimal Classification     Homeopathy Library Homeopathy Library Text Book 30/07/2019 ABC,PUB 299.00 SGTU 7135   615.532 E14K FH890 30/07/2019 09/08/2016 Books